书目信息 |
| 题名: |
陶冶学生高尚情操的美德故事
|
|
| 作者: | ;成长必读编委会 编著 | |
| 分册: | 下 | |
| 出版信息: | 北京 京华出版社 2010.05 |
|
| 页数: | 153页 | |
| 开本: | 21cm | |
| 丛书名: | ||
| 单 册: | ||
| 中图分类: | I14 | |
| 科图分类: | ||
| 主题词: | 故事--中国--现代--选集 , 小说--作品集--世界 | |
| 电子资源: | ||
| ISBN: | 978-7-80724-627-5 | |
| 000 | 00754nam 2200241 450 | |
| 001 | CALB0120111180806m | |
| 005 | 20111226145834.28 | |
| 010 | @a978-7-80724-627-5@dCNY29.90 | |
| 099 | @aCALB0120111180806m | |
| 100 | @a20110315d2010 em y0chiy0121 ea | |
| 101 | 0 | @achi |
| 102 | @aCN@b110000 | |
| 105 | @ay z 000fy | |
| 200 | 1 | @a陶冶学生高尚情操的美德故事@Atao ye xue sheng gao shang qing cao de mei de gu shi@h下@f成长必读编委会编著 |
| 205 | @a第2版 | |
| 210 | @a北京@c京华出版社@d2010.05 | |
| 215 | @a153页@c图@d21cm | |
| 606 | 0 | @a故事@y中国@z现代@j选集 |
| 606 | 0 | @a小说@x作品集@x世界 |
| 690 | @aI14@v4 | |
| 711 | 02 | @a成长必读编委会@Acheng zhang bi dou bian wei hui@4编著 |
| 801 | 0 | @aCN@bNLC@c20111226 |
| 905 | @aZUCC@dI14@eC6755=2:2@f3 | |
| 陶冶学生高尚情操的美德故事.下/成长必读编委会编著.-第2版.-北京:京华出版社,2010.05 |
| 153页:图;21cm |
| ISBN 978-7-80724-627-5:CNY29.90 |
| ● |
| 相关链接 |
|
|
|
正题名:陶冶学生高尚情操的美德故事
索取号:I14/C6755=2:2
 
预约/预借
| 序号 | 登录号 | 条形码 | 馆藏地/架位号 | 状态 | 备注 |
| 1 | 1067452 | 210674527 | 文学库108/108文学库 2排2列1层/ [索取号:I14/C6755=2:2] | 在馆 | |
| 2 | 1067453 | 210674536 | 文学库108/108文学库 2排2列1层/ [索取号:I14/C6755=2:2] | 在馆 | |
| 3 | 1067454 | 210674545 | 文学库108/108文学库 2排2列1层/ [索取号:I14/C6755=2:2] |
已借出,限还日期为2024.12.27 借出人:王开偲 |